Catálogo

LA ENSEÑANZA COMO ACTIVIDAD DE CONSERVACION DE LA CULTURA (Registro nro. 54551)

Detalles MARC
000 -LEADER
fixed length control field 00541nam a2200181 a 4500
001 - CONTROL NUMBER
control field 54551
005 - DATE AND TIME OF LATEST TRANSACTION
control field 20180714045435.0
008 - FIXED-LENGTH DATA ELEMENTS--GENERAL INFORMATION
fixed length control field 140415s1984 000 0 spa d
041 ## - LANGUAGE CODE
Language code of text/sound track or separate title spa
082 ## - DEWEY DECIMAL CLASSIFICATION NUMBER
Classification number 370.193
Item number POS
100 1# - MAIN ENTRY--PERSONAL NAME
Personal name POSTMAN, NEIL
245 13 - TITLE STATEMENT
Title LA ENSEÑANZA COMO ACTIVIDAD DE CONSERVACION DE LA CULTURA
260 ## - PUBLICATION, DISTRIBUTION, ETC.
Place of publication, distribution, etc. [s.l.] :
Name of publisher, distributor, etc. EDICIONES ROCA,
Date of publication, distribution, etc. 1984
300 ## - PHYSICAL DESCRIPTION
Extent 260
490 ## - SERIES STATEMENT
Series statement ROCA PEDAGOGIA
Volume/sequential designation 13
650 14 - SUBJECT ADDED ENTRY--TOPICAL TERM
Topical term or geographic name entry element FINES EDUCATIVOS
General subdivision SOCIOLOGIA DE LA EDUCACION
700 1# - ADDED ENTRY--PERSONAL NAME
Personal name HIMERFORD DE FRID, LILIAN
Relator term tr.
Existencias
Withdrawn status Lost status Source of classification or shelving scheme Damaged status Not for loan Collection code Home library Current library Shelving location Date acquired Source of acquisition Inventory number Total Checkouts Full call number Barcode Date last seen Price effective from Koha item type
    Dewey Decimal Classification     General Biblioteca Karol Wojtyla Biblioteca Karol Wojtyla Sala general 03/12/2013 Compra 151000000000000000043476   370.193 POS 8172 05/01/2026 03/12/2013 Libro